[Event "Mittelrhein Verbandsliga Sued 1920"]
[Site "Mittelrhein"]
[Date "2019.12.08"]
[Round "4.8"]
[White "Klapp, Juergen"]
[Black "Noehles, Heinz Theo"]
[Result "1/2-1/2"]
[WhiteElo "1818"]
[BlackElo "1605"]
[PlyCount "30"]
[EventDate "2019.09.29"]
[EventType "team-tourn"]
[EventRounds "9"]
[EventCountry "GER"]
[SourceTitle "EXT 2023"]
[Source "ChessBase"]
[SourceDate "2022.10.05"]
[SourceVersion "1"]
[SourceVersionDate "2022.10.05"]
[SourceQuality "1"]
[WhiteTeam "Bruehl III"]
[BlackTeam "Siebengebirge"]
[WhiteTeamCountry "GER"]
[BlackTeamCountry "GER"]

1. c4 c5 2. Nc3 Nc6 3. g3 g6 4. Bg2 Bg7 5. d3 Nf6 6. e3 0-0 7. Nge2 d6 8. Nf4 Bd7 9. h4 h5 10. Rb1 Rb8 11. a3 a5 12. Ncd5 Bg4 13. Qa4 Bd7 14. Qd1 Bg4 15. Qa4 Bd7 1/2-1/2

[Event "Mittelrhein Verbandsliga Ost 1415"]
[Site "Mittelrhein"]
[Date "2015.02.01"]
[Round "7.8"]
[White "Mathiak, Gerhard"]
[Black "Noehles, Heinz Theo"]
[Result "1-0"]
[WhiteElo "1798"]
[BlackElo "1518"]
[PlyCount "71"]
[EventDate "2014.09.07"]
[EventType "team-tourn"]
[EventRounds "11"]
[EventCountry "GER"]
[SourceTitle "EXT 2023"]
[Source "ChessBase"]
[SourceDate "2022.10.05"]
[SourceVersion "1"]
[SourceVersionDate "2022.10.05"]
[SourceQuality "1"]
[WhiteTeam "Koeln Lasker II"]
[BlackTeam "Siebengebirge"]
[WhiteTeamCountry "GER"]
[BlackTeamCountry "GER"]

1. e4 e6 2. d4 d5 3. Nc3 Nf6 4. exd5 Nxd5 5. Ne4 Be7 6. Nf3 h6 7. c3 a6 8. Bd3 b5 9. 0-0 Bb7 10. Ne5 Nf6 11. Re1 Nbd7 12. Qf3 Rb8 13. Bf4 0-0 14. Nxd7 Qxd7 15. Nxf6+ Bxf6 16. Qg3 Kh8 17. Bxc7 Rbe8 18. Be5 Rg8 19. Bc2 Bxe5 20. Rxe5 Qe7 21. Rae1 Qf6 22. Qd3 g6 23. R1e3 Rg7 24. Rc5 Bd5 25. Rxd5 exd5 26. Rxe8+ Kh7 27. Qe3 a5 28. Qe5 Qc6 29. Bb3 b4 30. Bxd5 Qb5 31. c4 Qa4 32. h3 Qxa2 33. c5 Qxb2 34. c6 f6 35. Qb8 g5 36. Be4+ 1-0